000 00831nam a2200253Ia 4500
003 OSt
005 20220923224622.0
006 a|||||r|||| 00| 0
007 ta
008 220922b |||||||| |||| 00| 0 san d
024 _a247,883
037 _cTextual
040 _aARTS
_cARTS
_bsan
041 _2san
_asan
082 _aO15,2D81,1, 152L0
100 _aविशाखदत्त
245 0 _aमुद्राराक्षस - नाटकम्
246 _aMudrārākṣhas - nāṭakam
260 _aइलाहाबाद
_b रामनारायणलाल बेनीमाधव
_c1970
300 _a540पृ0
_ccm.
650 _aसंस्कृत साहित्य
942 _hO15,2D81,1, 152L0
_cTEXL
_2CC
999 _c372562
_d372562